LDR 00916naa#a2200181#i#450# 001 RU\\bibl\120785 005 20260428161024.2 011 ## _a2782-5256 100 ## _a20251225b2025####ek#y0rusy0150####ca 102 ## _aRU 200 1# _aПротиводействие вербовке граждан Российской Федерации в сети Интернет спецслужбами Украины для совершения противоправных деяний _eЖурнальная статья 210 1# _aМосква _cМосковский университет МВД России имени В.Я. Кикотя _d2025 215 ## _a5 с. 608 ## _aЖурнальная статья _2local 675 ## _aПраво. Юридические науки. 34 _z 700 #1 _aБогданов _gАнатолий Васильевич 700 #1 _aКудин _gОлег Васильевич 856 4# _amosumvd.editorum.ru _u